[Event "ch-ISL"]
[Site "Seltjarnarnes ISL"]
[Date "2002.08.20"]
[Round "1"]
[White "Thorfinnsson,Bj"]
[Black "Kristjansson,S"]
[Result "1/2-1/2"]
[WhiteElo "2314"]
[BlackElo "2428"]
[EventDate "2002.08.20"]

1. d4 e6 2. Nf3 Nf6 3. Bg5 h6 4. Bh4 d5 5. e3 Bd6 6. Nbd2 Nbd7 7. c3 c6 8.
Bd3 e5 9. dxe5 Nxe5 10. Nxe5 Bxe5 11. Nf3 Bg4 12. h3 Bxf3 13. Qxf3 Qd6 14.
Bxf6 Qxf6 15. Qxf6 Bxf6 16. O-O-O O-O-O 17. Rhe1 Rhe8 18. e4 dxe4 19. Rxe4
Rxe4 20. Bxe4 Rxd1+ 1/2-1/2

[Event "ch-ISL"]
[Site "Seltjarnarnes ISL"]
[Date "2002.08.20"]
[Round "1"]
[White "Thorsteinsson,T"]
[Black "Bjarnason,S"]
[Result "1/2-1/2"]
[WhiteElo "2332"]
[BlackElo "2264"]
[EventDate "2002.08.20"]

1. d4 Nf6 2. c4 e6 3. Nc3 Bb4 4. Qc2 c5 5. dxc5 Nc6 6. Nf3 Bxc5 7. Bg5 Nd4
8. Nxd4 Bxd4 9. e3 Qa5 10. exd4 Qxg5 11. Bd3 Qxg2 12. O-O-O a6 13. Kb1 Qg4
14. d5 O-O 15. h4 Qf4 16. Rdg1 b5 17. cxb5 axb5 18. Rg2 b4 19. Ne2 Qh6 20.
Rhg1 Bb7 21. Rxg7+ Qxg7 22. Rxg7+ Kxg7 23. Qd2 h6 24. Qxb4 Bxd5 25. Nc3 Bc6
26. Qd4 Ra5 27. f4 Re8 28. Qg1+ Kh8 29. Qd4 Kg7 30. Qg1+ Kh8 31. Qd4
1/2-1/2

[Event "ch-ISL"]
[Site "Seltjarnarnes ISL"]
[Date "2002.08.20"]
[Round "1"]
[White "Bjornsson,S"]
[Black "Gretarsson,H"]
[Result "0-1"]
[WhiteElo "2357"]
[BlackElo "2505"]
[EventDate "2002.08.20"]

1. e4 e5 2. Nf3 Nc6 3. Bb5 Nge7 4. O-O a6 5. Ba4 d6 6. c3 Bd7 7. d4 g6 8.
Bg5 Bg7 9. Qd2 h6 10. Be3 f5 11. dxe5 fxe4 12. exd6 exf3 13. dxe7 Qxe7 14.
Bxc6 Bxc6 15. Re1 O-O 16. Bf4 Qf7 17. Bg3 g5 18. Na3 Rad8 19. Qe3 fxg2 20.
Qe7 b5 21. Qc5 Qd5 22. Qxd5+ Rxd5 23. c4 Rd2 24. cxb5 axb5 25. Rac1 Re8 26.
Rxe8+ Bxe8 27. Rxc7 Bxb2 28. Rc8 Kf7 29. Nc2 Bd7 30. Rc7 h5 31. h4 gxh4 32.
Bf4 Rd3 33. Kxg2 Kg6 34. Ne3 Bf6 35. Rc5 b4 36. Nc4 Be6 37. Be3 Bd5+ 38.
Kh3 Rd1 39. Bf4 Rh1+ 40. Bh2 Be6+ 41. Kg2 Ra1 42. Ne5+ Kg7 43. Nd3 h3+ 44.
Kf3 Rh1 45. Be5 Rd1 46. Nf4 Bxe5 47. Rxe5 h2 48. Nxh5+ Kf7 49. Ng3 h1=Q+
50. Nxh1 Rxh1 51. Rb5 Rb1 52. a4 Bd7 53. Rb7 Ke6 54. Ke3 Bxa4 55. Kd4 Bd1
56. Rb6+ Kd7 57. Kc4 Be2+ 58. Kc5 b3 59. Kb4 Rc1 60. Ka3 Bc4 61. f4 Kc7 62.
Rb4 Rc2 0-1

[Event "ch-ISL"]
[Site "Seltjarnarnes ISL"]
[Date "2002.08.20"]
[Round "1"]
[White "Gunnarsson,Arn"]
[Black "Thorfinnsson,Br"]
[Result "1/2-1/2"]
[WhiteElo "2282"]
[BlackElo "2362"]
[EventDate "2002.08.20"]

1. d4 Nf6 2. Nf3 d5 3. c4 c6 4. Nc3 dxc4 5. a4 Bf5 6. e3 e6 7. Bxc4 Bb4 8.
O-O O-O 9. Qe2 Bg4 10. Rd1 Qa5 11. Bd2 Rd8 12. h3 Bh5 13. g4 Bg6 14. e4
Nbd7 15. Bd3 e5 16. dxe5 Nxe5 17. Nxe5 Qxe5 18. f4 Qc7 19. Bc2 Rxd2 20.
Qxd2 Bxe4 21. Rf1 Rd8 22. Qe2 Bc5+ 23. Kh2 Bxc2 24. Qxc2 Be3 25. Rad1 Rxd1
26. Rxd1 Bxf4+ 27. Kh1 h5 28. Qf5 hxg4 29. hxg4 Be5 30. g5 g6 31. Qd3 Nd5
32. Nxd5 cxd5 33. Qxd5 Qc2 34. Rd2 Qb1+ 35. Kg2 Qf5 36. Qd8+ Kg7 37. Rf2
Qe4+ 38. Kf1 Bd4 39. Rxf7+ Kxf7 40. Qd7+ Kg8 41. Qc8+ Kh7 42. Qh3+ Kg7 43.
Qd7+ Kf8 44. Qd8+ Kf7 45. Qd7+ Qe7 46. Qd5+ Qe6 47. Qxd4 Qf5+ 48. Ke2 Qxg5
49. Qxa7 Qg2+ 50. Ke1 Qxb2 51. Qb8 Qb1+ 52. Kf2 Qe4 53. Qd6 g5 54. a5 Qe7
55. Qd5+ Kf6 56. Qb5 Kg7 57. Kf3 Kg6 58. Qb1+ Kg7 59. Kg4 Qd7+ 1/2-1/2

[Event "ch-ISL"]
[Site "Seltjarnarnes ISL"]
[Date "2002.08.20"]
[Round "1"]
[White "Stefansson,H"]
[Black "Thorarinsson,P"]
[Result "1-0"]
[WhiteElo "2588"]
[BlackElo "2281"]
[EventDate "2002.08.20"]

1. Nf3 Nf6 2. c4 e6 3. g3 b6 4. Bg2 Bb7 5. O-O c5 6. Nc3 a6 7. d4 cxd4 8.
Qxd4 d6 9. Rd1 Nbd7 10. Ng5 Bxg2 11. Kxg2 Rc8 12. Nge4 Rc6 13. Bf4 Qa8 14.
Kg1 e5 15. Nxf6+ Nxf6 16. Qe3 Rxc4 17. Bg5 Nd7 18. Nd5 f6 19. Qd3 Rc6 20.
Be3 Be7 21. b4 Bd8 22. Qb3 Rf8 23. a4 Rc8 24. Bxb6 Qc6 25. Bxd8 Kxd8 26.
Qe3 Rf7 27. Rac1 Qb7 28. Rxc8+ Kxc8 29. Qd3 Nb6 30. Qxh7 Kb8 31. Nxb6 1-0

[Event "ch-ISL"]
[Site "Seltjarnarnes ISL"]
[Date "2002.08.20"]
[Round "1"]
[White "Vidarsson,J"]
[Black "Gunnarsson,J"]
[Result "1-0"]
[WhiteElo "2378"]
[BlackElo "2357"]
[EventDate "2002.08.20"]

1. e4 e6 2. d4 d5 3. Nc3 Nf6 4. e5 Nfd7 5. f4 c5 6. Nf3 Nc6 7. Be3 cxd4 8.
Nxd4 Bc5 9. Qd2 O-O 10. O-O-O Nxd4 11. Bxd4 a6 12. Kb1 b5 13. Qe3 Qc7 14.
Bd3 Bb7 15. Rhe1 b4 16. Ne2 Bxd4 17. Nxd4 Nc5 18. f5 Ne4 19. Bxe4 dxe4 20.
Qg3 Rfe8 21. f6 g6 22. Qf4 Qc5 23. Nb3 Qf8 24. Rd6 Rac8 25. Qe3 Kh8 26. Nc5
Bd5 27. Nd7 Qg8 28. Nb6 Rcd8 29. Nxd5 exd5 30. Qd4 Re6 31. Qxd5 Rdxd6 32.
exd6 Qd8 33. d7 h5 34. Qc5 1-0

[Event "ch-ISL"]
[Site "Seltjarnarnes ISL"]
[Date "2002.08.21"]
[Round "2"]
[White "Gretarsson,H"]
[Black "Vidarsson,J"]
[Result "1/2-1/2"]
[WhiteElo "2505"]
[BlackElo "2378"]
[EventDate "2002.08.20"]

1. d4 b6 2. e4 Bb7 3. Bd3 Nf6 4. Qe2 e6 5. Nf3 c5 6. c3 Be7 7. O-O d5 8. e5
Nfd7 9. a3 c4 10. Bc2 b5 11. Ne1 h5 12. f4 g6 13. g3 Qb6 14. Nd2 Nc6 15.
Ndf3 a5 16. Ng2 O-O-O 17. Bd2 b4 18. axb4 axb4 19. b3 cxb3 20. Bd3 bxc3 21.
Bxc3 Kc7 1/2-1/2

[Event "ch-ISL"]
[Site "Seltjarnarnes ISL"]
[Date "2002.08.21"]
[Round "2"]
[White "Thorfinnsson,Br"]
[Black "Thorsteinsson,T"]
[Result "1-0"]
[WhiteElo "2362"]
[BlackElo "2332"]
[EventDate "2002.08.20"]

1. d4 e6 2. c4 f5 3. g3 Nf6 4. Bg2 d5 5. Nh3 c6 6. O-O Bd6 7. Nd2 O-O 8.
Qc2 Qe8 9. Nf3 h6 10. Nf4 g5 11. Nd3 Qh5 12. Nfe5 Ng4 13. h3 Nxe5 14. Nxe5
Bxe5 15. dxe5 Nd7 16. f4 g4 17. hxg4 Qxg4 18. Kf2 Rf7 19. Bf3 Qg6 20. g4
Rg7 21. Rg1 fxg4 22. Qxg6 Rxg6 23. Bxg4 Nf8 24. Be3 b6 25. cxd5 cxd5 26.
Rac1 Kh8 27. Bd4 Bd7 28. Rc3 Rg7 29. Rh3 Kh7 30. Rhg3 Rc8 31. Bf5+ Ng6 32.
Bxg6+ 1-0

[Event "ch-ISL"]
[Site "Seltjarnarnes ISL"]
[Date "2002.08.21"]
[Round "2"]
[White "Gunnarsson,J"]
[Black "Thorfinnsson,Bj"]
[Result "0-1"]
[WhiteElo "2357"]
[BlackElo "2314"]
[EventDate "2002.08.20"]

1. e4 e5 2. Nf3 Nc6 3. Nc3 Nf6 4. g3 Bb4 5. d3 d5 6. exd5 Nxd5 7. Bd2 Bg4
8. Bg2 Nd4 9. O-O O-O 10. a3 c6 11. axb4 Qf6 12. Ne4 Qxf3 13. Bxf3 Bxf3 14.
Qe1 Ne2+ 15. Qxe2 Bxe2 16. Rfe1 Bf3 17. Nc5 f6 18. c4 b6 19. Na6 Ne7 20.
Nc7 Rad8 21. Ne6 Rxd3 22. Rxa7 Re8 23. Be3 Kf7 24. Nc7 Rb8 25. Na8 Ke6 26.
Nxb6 Nf5 27. Bc5 Rbd8 28. Raa1 g5 29. Na4 Kf7 30. Bb6 Rb8 31. Bc5 g4 32.
Nb6 Nd4 33. Ra3 Rd2 34. Ra7+ Kg6 35. Nd7 Rd8 36. Be7 Rxd7 0-1

[Event "ch-ISL"]
[Site "Seltjarnarnes ISL"]
[Date "2002.08.21"]
[Round "2"]
[White "Bjarnason,S"]
[Black "Bjornsson,S"]
[Result "0-1"]
[WhiteElo "2264"]
[BlackElo "2357"]
[EventDate "2002.08.20"]

1. d4 Nf6 2. c4 g6 3. Nc3 Bg7 4. Bg5 O-O 5. e3 c5 6. Nf3 cxd4 7. exd4 d5 8.
cxd5 Nxd5 9. Qb3 Nxc3 10. bxc3 Nc6 11. Be2 Na5 12. Qa3 Re8 13. Bb5 Nc6 14.
O-O a6 15. Bxc6 bxc6 16. Rfe1 Be6 17. Rab1 Qd6 18. Qa4 Bd5 19. Ne5 c5 20.
Bf4 cxd4 21. cxd4 Qf6 22. Bg3 h5 23. Qa5 e6 24. h4 g5 25. Qd2 gxh4 26. Bf4
Qf5 27. Bh6 f6 28. Bxg7 Kxg7 29. Nd3 h3 30. Re3 hxg2 31. Rg3+ Kh7 32. Rc1
Ra7 33. Qa5 h4 34. Re3 Rg8 35. Rc7+ Rxc7 36. Qxc7+ Rg7 37. Qh2 Qg4 38. Ne1
Qxd4 39. Rh3 Rg4 40. Qc7+ Rg7 41. Qc2+ f5 42. Qe2 Rg4 43. Rd3 Qf4 0-1

[Event "ch-ISL"]
[Site "Seltjarnarnes ISL"]
[Date "2002.08.21"]
[Round "2"]
[White "Stefansson,H"]
[Black "Gunnarsson,Arn"]
[Result "1-0"]
[WhiteElo "2588"]
[BlackElo "2282"]
[EventDate "2002.08.20"]

1. d4 f5 2. g3 Nf6 3. Bg2 e6 4. Nf3 d5 5. O-O Bd6 6. c4 c6 7. b3 Qe7 8. Qc2
O-O 9. Ne5 Bd7 10. Nd2 Be8 11. Ndf3 Bh5 12. Nd3 Nbd7 13. Bf4 Kh8 14. Nfe5
Rg8 15. Nxd7 Nxd7 16. Bxd6 Qxd6 17. Nf4 Bg6 18. e3 Rac8 19. Rfc1 dxc4 20.
bxc4 e5 21. c5 Qe7 22. Nxg6+ hxg6 23. Qa4 a6 24. Rab1 Rc7 25. Rc4 Rd8 26.
d5 Nxc5 27. Rxc5 e4 28. Qa5 Rxd5 29. Rxd5 cxd5 30. Qxd5 Kh7 31. a4 1-0

[Event "ch-ISL"]
[Site "Seltjarnarnes ISL"]
[Date "2002.08.21"]
[Round "2"]
[White "Thorarinsson,P"]
[Black "Kristjansson,S"]
[Result "0-1"]
[WhiteElo "2281"]
[BlackElo "2428"]
[EventDate "2002.08.20"]

1. e4 e6 2. d4 d5 3. Nd2 c5 4. exd5 Qxd5 5. Ngf3 cxd4 6. Bc4 Qd6 7. O-O Nf6
8. Nb3 Nc6 9. Nbxd4 Nxd4 10. Qxd4 Qxd4 11. Nxd4 Bd7 12. Be2 Bc5 13. Nb3 Bb6
14. a4 a5 15. Bf3 Rc8 16. Bd2 Rxc2 17. Bc3 Nd5 18. Bxd5 exd5 19. Bxg7 Rg8
20. Bc3 Bh3 21. g3 Bxf1 22. Rxf1 Rg4 0-1

[Event "ch-ISL"]
[Site "Seltjarnarnes ISL"]
[Date "2002.08.22"]
[Round "3"]
[White "Bjornsson,S"]
[Black "Thorfinnsson,Br"]
[Result "1/2-1/2"]
[WhiteElo "2357"]
[BlackElo "2362"]
[EventDate "2002.08.20"]

1. e4 c5 2. Nf3 Nc6 3. d4 cxd4 4. Nxd4 Nf6 5. Nc3 e5 6. Ndb5 d6 7. Bg5 a6
8. Na3 b5 9. Nd5 Be7 10. Bxf6 Bxf6 11. Bd3 Bg5 12. c3 O-O 13. Nc2 Rb8 14.
O-O g6 15. Nce3 Bh6 16. Bc2 a5 17. a4 b4 18. Bb3 bxc3 19. bxc3 Kh8 20. Ba2
Qh4 21. Qd3 Nd8 22. Nc7 Nb7 23. Nc4 Nc5 24. Qxd6 Nxe4 25. Qd3 Rd8 26. Qf3
Bf4 27. g3 Qh3 28. Qg2 Nxc3 29. gxf4 Ne2+ 30. Kh1 Qxg2+ 31. Kxg2 Nxf4+ 32.
Kg3 Ne2+ 33. Kg2 Nf4+ 34. Kh1 f6 35. Rfd1 Bb7+ 36. Kg1 Bf3 37. Rxd8+ Rxd8
38. Nb5 Rd3 39. Re1 h5 40. Bb1 Rd7 41. Nbd6 h4 42. Be4 Be2 43. f3 Bxc4 44.
Nxc4 Rd4 45. Ne3 Rxa4 46. Nd5 Nxd5 47. Bxd5 Kg7 48. h3 Rd4 49. Ba8 Kh6 50.
Ra1 a4 51. Kf2 Rd2+ 52. Ke3 Rh2 53. Rxa4 Rxh3 54. Kf2 Kg5 55. Rg4+ Kh5 56.
Kg2 Rg3+ 57. Rxg3 hxg3 58. Kxg3 f5 59. Bd5 e4 60. fxe4 1/2-1/2

[Event "ch-ISL"]
[Site "Seltjarnarnes ISL"]
[Date "2002.08.22"]
[Round "3"]
[White "Thorfinnsson,Bj"]
[Black "Gretarsson,H"]
[Result "0-1"]
[WhiteElo "2314"]
[BlackElo "2505"]
[EventDate "2002.08.20"]

1. d4 d5 2. Nf3 c5 3. c3 cxd4 4. cxd4 Nc6 5. Nc3 Nf6 6. Bg5 Ne4 7. Bf4 g6
8. e3 Nxc3 9. bxc3 Bg7 10. Be2 O-O 11. h4 Bg4 12. Qc2 Qd7 13. Rc1 Rac8 14.
Qb2 a6 15. c4 dxc4 16. Rxc4 Bxf3 17. gxf3 b5 18. Rc1 e5 19. dxe5 Nxe5 20.
Bxe5 Bxe5 21. Qb1 Rxc1+ 22. Qxc1 Rc8 23. Qb1 Bc3+ 24. Kf1 Qd2 25. h5 Bf6
26. Qd3 Qxa2 27. f4 Qc2 28. Qd7 Rd8 29. Qb7 Qc8 30. Qe4 Qa8 31. Qxa8 Rxa8
32. Kg2 b4 33. hxg6 hxg6 34. Rb1 a5 35. Bd1 a4 36. Rxb4 a3 37. Bb3 a2 38.
Bxa2 Rxa2 39. Kg3 Bc3 40. Rb1 Kg7 41. Kf3 Bf6 42. Rh1 Ra1 43. Rh2 Bc3 44.
Rg2 Bf6 45. Ke2 Rh1 46. Kf3 Kh6 47. Ke2 Kh5 48. Kf3 Bh4 49. Ke4 Rf1 50. Kf3
Ra1 51. Rh2 Ra2 52. Rg2 f6 53. e4 g5 0-1

[Event "ch-ISL"]
[Site "Seltjarnarnes ISL"]
[Date "2002.08.22"]
[Round "3"]
[White "Gunnarsson,Arn"]
[Black "Thorarinsson,P"]
[Result "1/2-1/2"]
[WhiteElo "2282"]
[BlackElo "2281"]
[EventDate "2002.08.20"]

1. d4 Nf6 2. Nf3 e6 3. Bg5 c5 4. e3 h6 5. Bh4 b6 6. Bd3 Bb7 7. Nbd2 cxd4 8.
exd4 Be7 9. O-O d6 10. Re1 Nbd7 11. a4 a6 12. c3 O-O 13. Nc4 Re8 14. Bg3
Qc7 15. Nfd2 Rad8 16. Qe2 Qc6 17. Ne3 Ra8 18. Rec1 Bf8 19. b4 e5 20. a5
bxa5 21. d5 Qc8 22. Rxa5 Nb6 23. Qf3 e4 24. Bxe4 Nxe4 25. Nxe4 Nc4 26. Nxc4
Qxc4 27. Nxd6 Bxd6 28. Bxd6 Rad8 29. Rc5 Qa2 30. Bf4 Bxd5 31. Qg3 Qe2 32.
Be3 Re6 33. Qc7 Rdd6 34. h3 Rg6 35. Rxd5 Rxd5 36. c4 Qf3 37. g3 Rdd6 38.
Kh2 Rge6 39. Qc5 Rc6 40. Qd4 Rcd6 41. Qc5 Rc6 42. Qd4 Rcd6 1/2-1/2

[Event "ch-ISL"]
[Site "Seltjarnarnes ISL"]
[Date "2002.08.22"]
[Round "3"]
[White "Thorsteinsson,T"]
[Black "Stefansson,H"]
[Result "0-1"]
[WhiteElo "2332"]
[BlackElo "2588"]
[EventDate "2002.08.20"]

1. d4 Nf6 2. c4 e6 3. g3 c5 4. d5 exd5 5. cxd5 g6 6. Nc3 d6 7. Bg2 Bg7 8.
Nf3 O-O 9. O-O a6 10. a4 Nbd7 11. Nd2 Qc7 12. h3 Rb8 13. a5 b5 14. axb6
Nxb6 15. Qc2 c4 16. Rd1 Re8 17. Kh2 Nfd7 18. Nde4 f5 19. Ng5 Nc5 20. Be3
Rxe3 21. fxe3 Qe7 22. Nf3 Nb3 23. Ra3 Qxe3 24. Na4 Nxa4 25. Rxa4 f4 26. g4
Nc5 27. Ra3 Qf2 28. Qxc4 Rxb2 29. Ra2 Rb3 30. Kh1 Rc3 31. Qb4 Bb7 32. Qb1
Rb3 33. Qc2 a5 34. Rxa5 Rb2 35. Rxc5 dxc5 36. Qc4 Rxe2 37. d6+ Kh8 38. Qxe2
Qxe2 39. Re1 Bxf3 40. Rxe2 Bxe2 41. g5 Bf8 0-1

[Event "ch-ISL"]
[Site "Seltjarnarnes ISL"]
[Date "2002.08.22"]
[Round "3"]
[White "Vidarsson,J"]
[Black "Bjarnason,S"]
[Result "0-1"]
[WhiteElo "2378"]
[BlackElo "2264"]
[EventDate "2002.08.20"]

1. e4 e5 2. Bc4 Nf6 3. Qe2 Bc5 4. d3 c6 5. Bb3 d5 6. Nf3 Bg4 7. h3 Bh5 8.
exd5 O-O 9. g4 Bg6 10. Bg5 cxd5 11. Nc3 e4 12. dxe4 dxe4 13. Ne5 Bb4 14.
O-O Bxc3 15. bxc3 Re8 16. Rad1 Qc7 17. Nxg6 hxg6 18. Qe3 Nc6 19. Bf4 Ne5
20. Rd4 g5 21. Bxe5 Rxe5 22. Rfd1 Rc5 23. c4 a5 24. a4 Rc8 25. Rd6 Qe7 26.
Qd4 R8c7 27. Rd8+ Kh7 28. Qd6 e3 29. Qxe7 exf2+ 30. Kxf2 Rxe7 31. Kf3 g6
32. R8d6 Kg7 33. Rb6 Rce5 34. Rd3 Re4 35. c5 Rf4+ 36. Kg2 Re2+ 37. Kg1 Ne4
38. Rd1 Rff2 0-1

[Event "ch-ISL"]
[Site "Seltjarnarnes ISL"]
[Date "2002.08.22"]
[Round "3"]
[White "Kristjansson,S"]
[Black "Gunnarsson,J"]
[Result "0-1"]
[WhiteElo "2428"]
[BlackElo "2357"]
[EventDate "2002.08.20"]

1. e4 e5 2. Nf3 Nf6 3. Nxe5 d6 4. Nf3 Nxe4 5. d4 d5 6. Bd3 Bd6 7. O-O O-O
8. c4 c6 9. cxd5 cxd5 10. Nc3 Nxc3 11. bxc3 Bg4 12. h3 Bh5 13. Rb1 Nd7 14.
Rb5 Nb6 15. c4 Bxf3 16. Qxf3 dxc4 17. Bc2 Qd7 18. a4 Rfe8 19. Bf5 Qc7 20.
Be4 a6 21. Rg5 Rxe4 22. Qxe4 Nxa4 23. Re1 g6 24. h4 Nc3 25. Qf3 Na2 26. Ba3
Nb4 27. h5 Nd3 28. hxg6 hxg6 29. Re6 Bh2+ 30. Kf1 Qf4 31. Qe2 Kg7 32. Rg4
Qf5 33. Re7 Bf4 34. g3 Bg5 35. Ree4 Bf6 36. Kg1 b5 37. Bd6 Rh8 38. Qe3 b4
39. d5 b3 40. Qb6 Qf3 0-1

[Event "ch-ISL"]
[Site "Seltjarnarnes ISL"]
[Date "2002.08.23"]
[Round "4"]
[White "Thorfinnsson,Br"]
[Black "Vidarsson,J"]
[Result "1-0"]
[WhiteElo "2362"]
[BlackElo "2378"]
[EventDate "2002.08.20"]

1. d4 b6 2. c4 e6 3. Nf3 Bb7 4. a3 f5 5. Nc3 Nf6 6. g3 Ne4 7. Qc2 Be7 8.
Bg2 Nxc3 9. Qxc3 O-O 10. O-O Bf6 11. Rd1 a5 12. b3 Nc6 13. Qc2 Ne7 14. Ne1
Bxg2 15. Nxg2 Nc8 16. Bb2 Nd6 17. Rac1 c6 18. f3 a4 19. bxa4 Qb8 20. e4
fxe4 21. fxe4 Bg5 22. Rb1 Qa7 23. c5 Nc8 24. a5 bxc5 25. dxc5 d5 26. Bd4
Qxa5 27. exd5 cxd5 28. Rb7 Bf6 29. Bxf6 Rxf6 30. Nf4 Qxa3 31. Rxg7+ Kxg7
32. Nh5+ Kf8 33. Nxf6 Qe3+ 34. Kg2 Ne7 35. Rf1 Nf5 36. Nxd5 Qe5 37. Nb6 Ra7
38. Qd2 Ke8 39. Re1 Ra2 40. Qxa2 Qxe1 41. Qa4+ Ke7 42. Qd7+ Kf6 43. Qd3 Qc1
44. h4 Ne3+ 45. Kf3 Nf5 46. Nc4 Ke7 47. Ne5 Qh1+ 48. Kf4 Qc1+ 49. Kf3 Qh1+
50. Kg4 Kf6 51. Nf3 Ke7 52. c6 h5+ 53. Kxh5 Nxg3+ 54. Kg6 1-0

[Event "ch-ISL"]
[Site "Seltjarnarnes ISL"]
[Date "2002.08.23"]
[Round "4"]
[White "Thorarinsson,P"]
[Black "Gunnarsson,J"]
[Result "1/2-1/2"]
[WhiteElo "2281"]
[BlackElo "2357"]
[EventDate "2002.08.20"]

1. Nf3 Nf6 2. c4 e6 3. g3 c5 4. Bg2 Nc6 5. O-O b6 6. d4 cxd4 7. Nxd4 Bb7 8.
b3 Be7 9. Nc3 O-O 10. Bb2 Qc7 11. Nc2 Rac8 12. e4 Rfd8 13. Qe2 a6 14. Rad1
d6 15. Ne3 Qb8 16. Rd2 Rd7 17. Rfd1 Rcd8 18. f4 Qa8 19. Ng4 Nxg4 20. Qxg4
g6 21. Qe2 Qa7 22. Kh1 Ba8 23. Qf2 Bf6 1/2-1/2

[Event "ch-ISL"]
[Site "Seltjarnarnes ISL"]
[Date "2002.08.23"]
[Round "4"]
[White "Gunnarsson,Arn"]
[Black "Thorsteinsson,T"]
[Result "0-1"]
[WhiteElo "2282"]
[BlackElo "2332"]
[EventDate "2002.08.20"]

1. c4 Nf6 2. Nc3 e5 3. Nf3 d6 4. g3 Be7 5. Bg2 O-O 6. O-O c6 7. c5 Na6 8.
cxd6 Bxd6 9. d3 Re8 10. a3 Nc7 11. Qc2 h6 12. Rd1 Qe7 13. h3 Ncd5 14. e4
Nxc3 15. bxc3 Qc7 16. d4 Nh7 17. dxe5 Bxe5 18. Nxe5 Qxe5 19. Bf4 Qc5 20.
Qd3 Be6 21. Qd4 Qa5 22. Bd6 Rad8 23. e5 Rd7 24. c4 Qa4 25. c5 Qxd4 26. Rxd4
f5 27. Rb4 Rf7 28. Rab1 Bc8 29. Bf1 Ng5 30. f4 Nf3+ 31. Kf2 Nd2 32. Rd1
Ne4+ 33. Kf3 Nc3 34. Rd3 Nd5 35. Rb2 Be6 36. Rdb3 b5 37. cxb6 axb6 38. Rxb6
Nxb6 39. Rxb6 Rd7 40. a4 Bd5+ 41. Kf2 Ra8 42. Rb4 Rda7 43. Bd3 Rxa4 44.
Rxa4 Rxa4 45. Bxf5 Kf7 46. Bd3 Be4 47. Be2 g6 48. g4 Bd5 49. Kg3 Re4 50.
Bf1 Re3+ 51. Kh2 Kg8 52. Ba6 Be6 53. Bb7 Rc3 54. Kg2 h5 55. f5 gxf5 56.
gxh5 f4 57. Kf2 f3 58. Ba6 Kh7 59. Bb4 Rb3 60. Bd2 Ra3 61. Bf1 Ra2 62. Bd3+
Kh8 63. Ke3 Ra3 64. Bc1 Rb3 65. Kd2 Bxh3 66. Bc4 Rb4 67. e6 Rxc4 0-1

[Event "ch-ISL"]
[Site "Seltjarnarnes ISL"]
[Date "2002.08.23"]
[Round "4"]
[White "Bjarnason,S"]
[Black "Thorfinnsson,Bj"]
[Result "0-1"]
[WhiteElo "2264"]
[BlackElo "2314"]
[EventDate "2002.08.20"]

1. d4 d5 2. c4 c6 3. Nf3 e6 4. Qc2 f5 5. g3 Bd6 6. Bg2 Qf6 7. b3 Nd7 8. Ba3
Bxa3 9. Nxa3 g5 10. Qb2 Ne7 11. b4 a6 12. cxd5 exd5 13. O-O Ng6 14. Nd2 h5
15. Rfe1 Kd8 16. Nc2 h4 17. a4 hxg3 18. hxg3 f4 19. e4 g4 20. Ra3 f3 21.
Nxf3 gxf3 22. Rxf3 Qg5 23. exd5 cxd5 24. Qc3 b6 25. Qc6 Ra7 26. Ne3 Ne7 27.
Qd6 Qh6 28. Qxh6 Rxh6 29. Rf7 Nf6 30. Rf8+ Kc7 31. g4 Rg6 32. Rc1+ Kb8 33.
Nf5 Nfg8 34. Bxd5 Rxg4+ 35. Kf1 Rc7 36. Rxc7 Kxc7 37. Ne3 Rg7 38. Bc4 Nh6
39. Ke2 Kb7 40. b5 a5 41. Bd3 Rf7 42. Rh8 Nhf5 43. Bc4 Nxd4+ 44. Kd3 Ne6
45. Rxc8 Nxc8 46. Bxe6 Rxf2 47. Nc4 Rf6 48. Bd5+ Kc7 49. Kd4 Nd6 50. Nb2
Rf4+ 51. Kc3 Rb4 52. Bf3 Ne4+ 53. Bxe4 Rxe4 54. Nc4 Re1 55. Kb2 Rh1 56. Kb3
Rb1+ 57. Ka3 Rb4 58. Ne5 Kd6 59. Nc6 Rh4 60. Kb3 Kc5 61. Ka3 Rh3+ 62. Ka2
Kc4 63. Kb2 Rb3+ 64. Ka2 Rb4 65. Ka3 Kc3 66. Ne7 Rd4 67. Nc8 Rd1 68. Ka2
Kb4 69. Nxb6 Rd6 70. Nc8 Rd2+ 71. Kb1 Kb3 0-1

[Event "ch-ISL"]
[Site "Seltjarnarnes ISL"]
[Date "2002.08.23"]
[Round "4"]
[White "Gretarsson,H"]
[Black "Kristjansson,S"]
[Result "1-0"]
[WhiteElo "2505"]
[BlackElo "2428"]
[EventDate "2002.08.20"]

1. d4 e6 2. c4 Nf6 3. Nf3 b6 4. Nc3 Bb4 5. Qb3 a5 6. g3 Nc6 7. Bg2 a4 8.
Qc2 Ba6 9. O-O Bxc4 10. Ne5 Nxe5 11. dxe5 Nd5 12. Nxd5 Bxd5 13. Bxd5 exd5
14. Rd1 Ra5 15. Rd4 Be7 16. Bd2 Rb5 17. Qxa4 Rxb2 18. Rxd5 c6 19. Rd3 O-O
20. Qg4 f5 21. Qc4+ Kh8 22. e6 d6 23. Qxc6 Qc8 24. Qd5 Rc2 25. a4 Rf6 26.
Rb1 Rxe6 27. Rxb6 Rxe2 28. Qb3 Qd8 29. a5 Rc8 30. a6 d5 31. Rxd5 Qc7 32.
Rb7 Qc6 33. Qd3 Re6 34. Be3 h6 35. Rb6 1-0

[Event "ch-ISL"]
[Site "Seltjarnarnes ISL"]
[Date "2002.08.23"]
[Round "4"]
[White "Stefansson,H"]
[Black "Bjornsson,S"]
[Result "1-0"]
[WhiteElo "2588"]
[BlackElo "2357"]
[EventDate "2002.08.20"]

1. e4 e5 2. Nf3 Nc6 3. Bb5 a6 4. Ba4 Nf6 5. O-O Be7 6. Re1 b5 7. Bb3 d6 8.
c3 O-O 9. h3 Bb7 10. d4 Re8 11. Nbd2 Bf8 12. d5 Ne7 13. Nf1 h6 14. N3h2 c6
15. dxc6 Bxc6 16. Qf3 d5 17. Ng4 Qd6 18. exd5 Nexd5 19. Rd1 e4 20. Nxf6+
Qxf6 21. Qxf6 Nxf6 22. Bf4 Rad8 23. Ne3 Rd7 24. a4 Rxd1+ 25. Bxd1 Nd7 26.
axb5 axb5 27. Ra6 Bb7 28. Ra7 Bc8 29. Be2 b4 30. Bb5 bxc3 31. bxc3 Rd8 32.
Ra8 Nb6 33. Rb8 Bd6 34. Bxd6 Rxd6 35. c4 1-0

[Event "ch-ISL"]
[Site "Seltjarnarnes ISL"]
[Date "2002.08.24"]
[Round "5"]
[White "Kristjansson,S"]
[Black "Bjarnason,S"]
[Result "1-0"]
[WhiteElo "2428"]
[BlackElo "2264"]
[EventDate "2002.08.20"]

1. e4 c5 2. c3 d5 3. exd5 Nf6 4. Nf3 Nxd5 5. d4 e6 6. Bd3 Nc6 7. a3 cxd4 8.
cxd4 Be7 9. O-O O-O 10. Qe2 Qc7 11. g3 b6 12. Rd1 Bb7 13. Nbd2 Rfe8 14. Nc4
Bf6 15. Qe4 g6 16. Bg5 Bg7 17. Rac1 f6 18. Bd2 Rad8 19. Qe2 Qb8 20. h4 f5
21. Bc3 Nxc3 22. bxc3 b5 23. Nce5 Nxe5 24. Nxe5 a6 25. a4 b4 26. Bxa6 bxc3
27. Bxb7 Qxb7 28. Rxc3 Rd5 29. Re3 Qb4 30. Nc4 e5 31. Nxe5 Qxa4 32. Rdd3
Bxe5 33. dxe5 Qa1+ 34. Kh2 Rdxe5 35. Rxe5 Rxe5 36. Rd8+ Kf7 37. Qc4+ Re6
38. Rd7+ Kf6 39. Qc7 g5 40. Qd8+ 1-0

[Event "ch-ISL"]
[Site "Seltjarnarnes ISL"]
[Date "2002.08.24"]
[Round "5"]
[White "Gunnarsson,J"]
[Black "Gretarsson,H"]
[Result "1-0"]
[WhiteElo "2357"]
[BlackElo "2505"]
[EventDate "2002.08.20"]

1. e4 e5 2. Nf3 Nc6 3. Bc4 Bc5 4. c3 Nf6 5. d3 d6 6. Bb3 a6 7. h3 Ba7 8.
Nbd2 O-O 9. Nf1 Ne7 10. Ng3 Ng6 11. O-O c6 12. Re1 h6 13. d4 Re8 14. Bc2
exd4 15. cxd4 d5 16. e5 Nh7 17. Be3 Be6 18. Qd2 Nh4 19. Nxh4 Qxh4 20. Nf5
Bxf5 21. Bxf5 Nf8 22. f4 Qe7 23. Bc2 f6 24. Kh1 Qf7 25. b4 Bb6 26. Qd3 Bc7
27. Rf1 Qe7 28. Rab1 g6 29. Rf3 Kh8 30. h4 h5 31. f5 fxe5 32. dxe5 Bxe5 33.
Rbf1 Qxb4 34. fxg6 Bg7 35. Rf4 Re4 36. Qe2 Rxf4 37. Rxf4 Qc3 38. Rxf8+ 1-0

[Event "ch-ISL"]
[Site "Seltjarnarnes ISL"]
[Date "2002.08.24"]
[Round "5"]
[White "Thorsteinsson,T"]
[Black "Thorarinsson,P"]
[Result "1/2-1/2"]
[WhiteElo "2332"]
[BlackElo "2281"]
[EventDate "2002.08.20"]

1. d4 d5 2. c4 dxc4 3. Nf3 e6 4. e3 c5 5. Bxc4 Nf6 6. O-O a6 7. dxc5 Bxc5
8. Qxd8+ Kxd8 9. Ne5 Ke7 10. Be2 Nbd7 11. Nd3 Bd6 12. Nd2 b5 13. Bf3 Rb8
14. b3 Ne5 15. Nxe5 Bxe5 16. Rb1 Rd8 17. Bb2 Bxb2 18. Rxb2 Bb7 19. Rc1 Bxf3
20. gxf3 Rbc8 21. Rbc2 Rxc2 22. Rxc2 Nd5 23. a3 Rd7 24. f4 1/2-1/2

[Event "ch-ISL"]
[Site "Seltjarnarnes ISL"]
[Date "2002.08.24"]
[Round "5"]
[White "Vidarsson,J"]
[Black "Stefansson,H"]
[Result "0-1"]
[WhiteElo "2378"]
[BlackElo "2588"]
[EventDate "2002.08.20"]

1. e4 c5 2. Nf3 e6 3. b3 b6 4. Bb2 Bb7 5. e5 Ne7 6. h4 Nbc6 7. h5 h6 8. Na3
Nf5 9. c3 d6 10. Nc4 dxe5 11. Ncxe5 a6 12. Qe2 Nxe5 13. Nxe5 Bd6 14. O-O-O
Qc7 15. Nc4 Be7 16. Ne3 O-O-O 17. Qg4 Nxe3 18. dxe3 Rxd1+ 19. Qxd1 Rd8 20.
Qc2 f5 21. Be2 b5 22. Bf3 Bxf3 23. gxf3 c4 24. Qe2 Bf6 25. Kc2 Qa5 26. bxc4
b4 27. cxb4 Qxa2 28. Kc1 Bc3 0-1